000 00422nam a22001817a 4500
003 MPLRDC
005 20220104181817.0
008 210129b ||||| |||| 00| 0 eng d
020 _a983-62-2774-1
082 _a868.7 OMA
100 _aOMARA RAHMAN
245 _aSECEKAL HATINYA
_c
260 _a
_bDEWAN BAHASA DAN PUSTAKA
_c1992
300 _b
490 _aNOVEL REMAJA
650 _a
942 _cBK
_o868.7 OMA
999 _c61646
_d61636